00900nam a22002417a 4500010001300000020001000013035001300023037001600036040001200052082001300064100003100077245012200108260003800230270005300268300002600321500003300347650003400380650005500414700002800469942002200497999001900519952012000538 aA-980950 c00.00 aA-980950 bCen Lib/Ret aDPLbEN a610bMAL aMalpani, Aniruddha 932161 aHow to get the best medical care :cby Aniruddha Malpani [and] Anjali Malpani ba guide for the intelligent patient / aNew Delhi bUBS Publishers c2000 bNew Delhi a5, ansari road, dariya ganj e110002 axiii, 337p.c21cm(Hb) aIncludes appendix and index  aPhysician and patient.973365 aMedical care -- Handbooks, manuals, etc.z 973366 aMalpani, Anjali 932163 2ddccENh610mMAL c131579d131579 00104070aLbLd2015-07-15eCen Lib/Retg0.00l0o610 MALpA-980950r2015-07-15 00:00:00t1v0.00w2015-07-15yEN